| 000 | 01646cam a22004214a 4500 | ||
|---|---|---|---|
| 001 | 13862809 | ||
| 005 | 20231012151047.0 | ||
| 008 | 050207s2005 enka b 001 0 eng | ||
| 010 | _a 2005042142 | ||
| 015 |
_aGBA504598 _2bnb |
||
| 016 | 7 |
_a013085793 _2Uk |
|
| 016 | 7 |
_a013085792 _2Uk |
|
| 020 | _a1403948356 (paper) | ||
| 020 | _a9781403948359 (paper) | ||
| 020 | _a1403948348 (hbk.) | ||
| 020 | _a9781403948342 (hbk.) | ||
| 035 |
_a(OCoLC)57669672 _z(OCoLC)57484930 |
||
| 035 | _a(OCoLC)ocm57669672 | ||
| 040 |
_aDLC _cDLC _dYDX _dUKM _dBAKER _dPUL _dNLGGC _dYDXCP _dOCLCG _dDLC |
||
| 042 | _apcc | ||
| 050 | 0 | 0 | _aHG 173 .P535 2005 |
| 082 | 0 | 0 |
_a332 _222 |
| 084 |
_a83.44 _2bcl |
||
| 100 | 1 |
_aPilbeam, Keith, _d1961- |
|
| 245 | 1 | 0 |
_aFinance and financial markets / _cKeith Pilbeam. |
| 250 | _a2nd ed. | ||
| 260 |
_aBasingstoke, Hampshire ; _aNew York : _bPalgrave Macmillan, _c2005. |
||
| 300 |
_axxii, 479 p. : _bill. ; _c24 cm. |
||
| 504 | _aIncludes bibliographical references (p. 468-474) and index. | ||
| 650 | 0 | _aFinance. | |
| 650 | 0 | _aFinancial institutions. | |
| 856 | 4 | 2 |
_3Contributor biographical information _uhttp://www.loc.gov/catdir/enhancements/fy0624/2005042142-b.html |
| 856 | 4 | 2 |
_3Publisher description _uhttp://www.loc.gov/catdir/enhancements/fy0624/2005042142-d.html |
| 856 | 4 | 1 |
_3Table of contents only _uhttp://www.loc.gov/catdir/enhancements/fy0624/2005042142-t.html |
| 906 |
_a7 _bcbc _corignew _d1 _eocip _f20 _gy-gencatlg |
||
| 942 |
_2lcc _cBOOKS _hHG 173 .P535 2005 |
||
| 999 |
_c31867 _d31867 |
||